Type 2 diabeted in the context of consanguinity-conjugality, anthropometry and clinical variation / (Record no. 164954)

MARC details
000 -LEADER
fixed length control field 00586nam a22001817a 4500
005 - DATE AND TIME OF LATEST TRANSACTION
control field 20190530160901.0
010 ## - LCCN (DPL NO)
LC control number ENG-125413
020 ## - INTERNATIONAL STANDARD BOOK NUMBER
Terms of availability 1000.00
035 ## - SYSTEM CONTROL NUMBER
System control number EN-108945
037 ## - SOURCE OF ACQUISITION
Source of stock number/acquisition DBAD/PUB
082 ## - DEWEY DECIMAL CLASSIFICATION NUMBER
Classification number 616.462
100 ## - MAIN ENTRY--PERSONAL NAME
Personal name Reddy, V. Rami
245 ## - TITLE STATEMENT
Title Type 2 diabeted in the context of consanguinity-conjugality, anthropometry and clinical variation /
Statement of responsibility, etc by V.Rami Reddy
260 ## - PUBLICATION, DISTRIBUTION, ETC. (IMPRINT)
Place of publication, distribution, etc Tirupati
Name of publisher, distributor, etc V.Indira
Date of publication, distribution, etc 2012
270 ## - ADDRESS
Address # 8-30, (opp.) Vidyanagar, SVUNT Colony
City Tirupati
Postal code 517502
300 ## - PHYSICAL DESCRIPTION
Extent xv,225p.
Dimensions 25cm(pbk)
942 ## - ADDED ENTRY ELEMENTS (KOHA)
Source of classification or shelving scheme Dewey Decimal Classification
Item type English Books
Classification part 616.462
Call number prefix RED
Holdings
Withdrawn status Lost status Not for loan Collection code Home library Current library Date acquired Source of acquisition Cost, normal purchase price Full call number Barcode Copy number Cost, replacement price Koha item type
      Non-fiction Central Library Central Library 30/05/2019 DBAD/PUB 1000.00 616.462 EN-108945 1 1000.00 English Books

© Delhi Public Library
Hit Counter
free hit counter